Rumba pour quatre guitares de Stepan Rak
保存先:
| 第一著者: | |
|---|---|
| フォーマット: | 図書 |
| 言語: | フランス語 |
| 出版事項: |
París
Editions Henry Lemoine
1989
|
| シリーズ: | Collection Mikulka
|
| 主題: | |
| タグ: |
タグ追加
タグなし, このレコードへの初めてのタグを付けませんか!
|
MARC
| LEADER | 00000nam a2200000 a 4500 | ||
|---|---|---|---|
| 001 | UCI1327 | ||
| 003 | CL-VaPUC | ||
| 008 | 070629e19890000FR |||||||||||||||||fre|d | ||
| 082 | 0 | 4 | |a 787.87 |b RAK |2 21 |
| 100 | 0 | |a Rak, Stepan |e author |9 521765 | |
| 245 | 1 | 0 | |a Rumba pour quatre guitares de Stepan Rak |
| 300 | |a p.irreg | ||
| 942 | |c BK | ||
| 945 | |d 20070629 00:00:00 |a rbrito | ||
| 260 | |a París |b Editions Henry Lemoine |c 1989 | ||
| 650 | 0 | |a Música para guitarra |9 362109 | |
| 650 | 0 | |a Partituras |9 324008 | |
| 583 | |a last modification |c 20070629 00:00:00 |k Rodrigo Vera | ||
| 490 | 0 | |a Collection Mikulka | |
| 999 | |c 326158 |d 326156 | ||
| 952 | |0 0 |1 0 |4 0 |6 787_870000000000000_RAK_1989 |7 0 |8 F |9 407901 |a BIBEDU |b BIBEDU |d 2019-11-22 |i 4294718 |o 787.87 RAK 1989 |p 4294718 |r 2023-11-22 |w 2019-11-22 |y BK_F |k MUS | ||